000 00727cam a22002413a 4500
001 15608
003 PGUSA
005 20140828083332.0
008 050412s2005||||xxu|||||s|||||000 1 eng d
040 _aPGUSA
_beng
042 _adc
050 4 _aPS
100 1 _aBacheller, Irving,
_d1859-1950
245 1 0 _aIn the Days of Poor Richard
_h[electronic resource] /
_cIrving Bacheller
260 _bProject Gutenberg,
_c2005
506 _aPublic domain in the USA.
516 _aElectronic text
653 _aUnited States -- History -- Revolution, 1775-1783 -- Fiction
700 1 _aAdams, John Wolcott,
_d1874-1925
830 0 _aProject Gutenberg
_v15608
856 4 0 _uhttp://www.gutenberg.org/ebooks/15608
942 _cEB
999 _c244863
_d244863